MDQL
is popping MORE tags! Check the
thread
!
Quizzes
Events
Quiz Creation
Community
Videos
Private Events
Remove Ads
Sign In
Join for FREE
Feedback
Dark Mode
Quiz Categories
Sports
Geography
Music
Movies
Television
Just For Fun
Miscellaneous
History
Literature
Language
Science
Gaming
Entertainment
Religion
Holiday
For Kids
Quiz Lab
Recent
Popular Today
Quiz Kudos Today
Editor Picks
Curator Picks
Quizzes by...
Day
Popularity
Type
Ratings
Length
Year
Community
Subscriptions
Recent Discussions
Orange Saloon
Badges
Playlists
Quests
Create
Leaderboards
Showdown
Live 5
Trivia Bingo
Activity
Puzzle Library
Sporcle Events
Private Events
Virtual Trivia
Globe League
Become a Host
Pub Owners
SporcleCon
Opinionation
Our Games
Videos
Blog
Mobile Apps
Partnerships
Remove Ads and Go Orange
Feedback
Literature
Harry Potter
A Song of Ice and Fire
The Hunger Games
Literary Character
Shakespeare
Book
Author
Novel
Poem
Young Adult
Children's Books
Play
Lord of the Rings
Literature
Harry Potter
A Song of Ice and Fire
The Hunger Games
Literary Character
Shakespeare
Book
Author
Novel
Poem
Young Adult
Children's Books
Play
Lord of the Rings
Random Quiz
Search Sporcle
×
Quiz Lab
Quiz Lab
Literature
Lord of the Rings
Type in answers that appear in a list
Type in answers that appear in a list
Classic
Best Score? Go Orange.
LOTR Characters by Family Stats
Can you name the LOTR Characters by Family??
By
SporcleEXP
3m
10 Questions
577 Plays
577 Plays
577 Plays
Comments
Comments
Give Quiz Kudos
Give Quiz Kudos
-
- Ratings
hide this ad
More Info
Random Order
Randomize order of answers
Randomize order of answers
Replay
Link that replays current quiz
Next Quiz
Link to next quiz in quiz playlist
You Got
0%
They Got
Avg Score
92%
Avg Friend Score
Upgrade to see
Score Distribution
Jump to the score distribution portion of the page
Score
0/10
Timer
03:00
0
Plays Today
Family Member
Character
% Correct
Frodo's uncle
Bilbo
98.8%
Brother of Boromir
Faramir
97.9%
Son of Arathorn
Aragorn
96.7%
Father of Gimli
Gloin
96.7%
Sister of Eomer
Eowyn
96%
Friend of Smeagol
Deagol
94.8%
Husband of Galadriel
Lord Celeborn
91.7%
Son of Thranduil
Legolas
87.3%
Arwen's grandmother
Galadriel
82.3%
Chief of Ringwraiths
Witch-king of angmar
79.4%
Quiz Playlist
Details
Report
Send in Message
Add To Playlist
More Info:
Last names are acceptable. If the character goes by a nickname, that'll be the answer.
Classic:
Type in answers that appear in a list
Random Order:
Randomize order of answers
Last Updated: Feb 16, 2017
Quiz Scoreboard
CHALLENGE
Sign Up to Join the Scoreboard
Show All
Scores
Hide
Comments
May contain spoilers
Recently Published
5x2 Blitz: Bands
by SL_Kpop136
Music
30s
Colored Red Africa Blitz
by spor1
Geography
30s
Find the 'City' Movie
by crazypaving
Movies
60s
More to Explore
Quiz From the Vault
Featured Blog Post
14 Easter Pick-up Lines to Find Eggs With
hide this ad
You Might Also Like...
Tags
Lord of the Rings Quiz
Character
Middle Earth
Today's Top Quizzes in Literature
Browse Literature
hide this ad
Today's Top Quizzes in Lord of the Rings
Browse Lord of the Rings
Top Contributed Quizzes in Literature
1
Sneaky Slytherin Logic Puzzle
2
Mini Trivia Sudoku: A Song of Ice and Fire
3
The Hunger Games Logic Puzzle: Find Katniss
4
One Thing in Common: Literature II
5
Harry Potter Clickable Logic Puzzle #4
6
A Harry Potter Logic Puzzle
7
Harry Potter Video Game Releases
8
Pick 3: Harry Potter Classmates
9
Click the Dead Men
10
Silmarillion Characters by Any 3 Letters
Explore More
Trending Topics
Crossword
NBA
Kpop
Disney
Harry Potter
Anime
Marvel
Puzzle
The Office
Soccer
Song
NFL
Country
Pokémon
WWE
hide this ad
More By:
SporcleEXP
Quiz
Plays
Rating
Category
Featured
Created
Harry Potter Deaths in Order Minefield
3,068,762
4.18
Literature
Jan 27, 2016
Sins, Dwarfs, and Spice Girls
847,321
4.42
Just For Fun
Apr 11, 2012
Ancient History Bunker
708,282
4.28
History
Jan 20, 2014
Movie Posters VI
679,082
4.37
Movies
Nov 12, 2010
Movie Posters VII
621,903
4.44
Movies
Apr 16, 2011
Go to Creator's Profile
Score Distribution
Quiz Creator Spotlight
SporcleEXP
Follow
Send a Message
Quizzes Created
-
Created Quiz Play Count
-
More By This Creator
Popular Quizzes Today
1
Find the 'City' Movie
2
Colored Red Africa Blitz
3
Find the US States - No Outlines Minefield
4
5x2 Blitz: Bands
5
The Countries of the World
6
Find the US States
7
US States
8
9x9 Crossword: Cartoon Network
More Literature Quizzes
Titles from Shakespeare Gallery
Editor's Pick
Trending Quizzes
Colored Red Europe Blitz I
Colored Red Africa Blitz II
Colored Red Europe Blitz II
Colored Red Africa Blitz III
Colored Red Europe Blitz III
Recently Updated
2024 March Madness Bracket
pecheneg
Famous TV Couples
Peacemaker
Champions League XIs: Real Madrid
pecheneg
Largest US Cities 1790-2010
pecheneg
Rides in Walt Disney World
pecheneg
Most Oscar Losses (Acting)
pecheneg
Beyoncé Albums
pecheneg
Leaping Animals
pecheneg
Reality TV Shows (A-Z)
bhenderson79
Rickey Henderson's Hall of Fame Teammates
pecheneg
Trending Topics
Anime
NBA
Disney
Kpop
Harry Potter
Marvel
Crossword
NFL
Puzzle
Song
The Office
WWE
Soccer
Pokémon
Country
Your Account Isn't Verified!
In order to create a playlist on Sporcle, you need to verify the email address you used during registration. Go to your
Sporcle Settings
to finish the process.
Report this User
Report this user for behavior that violates our
Community Guidelines
.
Details:
Send Report
Go to the Sporcle.com Mobile Site →
Comments